Cardiac Cytoarchitecture How to Maintain a Working Heart /

This book presents a collection of expert reviews on different subcellular compartments of the cardiomyocyte, addressing fundamental questions such as how these compartments are assembled during development, how they are changed in and by disease, and which signaling pathways have been implicated in...

Full description

Bibliographic Details
Corporate Author: SpringerLink (Online service)
Other Authors: Ehler, Elisabeth (Editor)
Format: Electronic eBook
Language:English
Published: Cham : Springer International Publishing : Imprint: Springer, 2015.
Subjects:
Online Access:Full Text via HEAL-Link
LEADER 02930nam a22004335i 4500
001 978-3-319-15263-9
003 DE-He213
005 20151204153342.0
007 cr nn 008mamaa
008 150303s2015 gw | s |||| 0|eng d
020 |a 9783319152639  |9 978-3-319-15263-9 
024 7 |a 10.1007/978-3-319-15263-9  |2 doi 
040 |d GrThAP 
050 4 |a QH573-671 
072 7 |a PSF  |2 bicssc 
072 7 |a SCI049000  |2 bisacsh 
082 0 4 |a 571.6  |2 23 
245 1 0 |a Cardiac Cytoarchitecture  |h [electronic resource] :  |b How to Maintain a Working Heart /  |c edited by Elisabeth Ehler. 
264 1 |a Cham :  |b Springer International Publishing :  |b Imprint: Springer,  |c 2015. 
300 |a XIV, 309 p. 46 illus., 41 illus. in color.  |b online resource. 
336 |a text  |b txt  |2 rdacontent 
337 |a computer  |b c  |2 rdamedia 
338 |a online resource  |b cr  |2 rdacarrier 
347 |a text file  |b PDF  |2 rda 
505 0 |a Cardiac Cytoarchitecture in Health and Disease -- In Vitro Tools for Quantifying Structure–Function Relationships in Cardiac Myocyte Cells and Tissues -- The Intercalated Disc: A Focal Point for Sarcomere Growth and Disease -- Dynamics of Actin in the Heart: Defining Thin Filament Length -- Ca2+ Regulation of the Cardiac Thin Filament -- Posttranslational Modification of the Titin Springs: Dynamic Adaptation of Passive Sarcomere Stiffness -- The M-Band: Not Just Inert Glue but Playing an Active Role in the Middle of the Sarcomere -- Sarcomeric Signaling -- The Nuclear Envelope in Cardiac Health and Disease -- AMP-Activated Protein Kinase: A Metabolic Stress Sensor in the Heart -- How Cardiac Cytoarchitecture Can Go Wrong: Hypertrophic Cardiomyopathy as a Paradigm for Genetic Disease of the Heart -- Cardiac Cytoarchitecture: How to Maintain a Working Heart—Waste Disposal and Recycling in Cardiomyocytes. 
520 |a This book presents a collection of expert reviews on different subcellular compartments of the cardiomyocyte, addressing fundamental questions such as how these compartments are assembled during development, how they are changed in and by disease, and which signaling pathways have been implicated in these processes so far. As such, it offers the first overview of the cell biology of heart disease of its kind, addressing the needs of cell biology students specializing in vascular and cardiac biology, as well as those of cardiologists and researchers in the field of cell biology. 
650 0 |a Life sciences. 
650 0 |a Cardiology. 
650 0 |a Cell biology. 
650 1 4 |a Life Sciences. 
650 2 4 |a Cell Biology. 
650 2 4 |a Cardiology. 
700 1 |a Ehler, Elisabeth.  |e editor. 
710 2 |a SpringerLink (Online service) 
773 0 |t Springer eBooks 
776 0 8 |i Printed edition:  |z 9783319152622 
856 4 0 |u http://dx.doi.org/10.1007/978-3-319-15263-9  |z Full Text via HEAL-Link 
912 |a ZDB-2-SBL 
950 |a Biomedical and Life Sciences (Springer-11642)